000 00615nam a2200181Ia 4500
008 090123s9999 xx 000 0 und d
082 _b2049
_a891.463/देवधर
100 _aदेवधर ज्योत्स्ना केशव
245 _aचुकामूक
250 _a1
260 _bकेसरी मुद्रणालय
300 _a150
600 _aदेवधर ज्योत्स्ना केशव
630 _aचुकामूक
700 _aदेवधर ज्योत्स्ना केशव
730 _aचुकामूक
942 _cBOOK
999 _c40130
_d40130